Cesta k udržateľnej spotrebe na Slovensku
Snaha o trvalo udržateľný rozvoj sa stala celosvetovo kritickým záujmom, čo prinútilo rôzne priemyselné odvetvia prehodnotiť svoj vplyv na životné prostredie.
Saved in:
| Main Author: | |
|---|---|
| Format: | Book Chapter |
| Language: | Slovak |
| Subjects: | |
| Tags: |
No Tags, Be the first to tag this record!
|
MARC
| LEADER | 00000naa a2200000 4500 | ||
|---|---|---|---|
| 001 | 0295137 | ||
| 005 | 20240417075240.6 | ||
| 041 | 0 | |a slo | |
| 044 | |a SK | ||
| 245 | 1 | 0 | |a Cesta k udržateľnej spotrebe na Slovensku |c Gabriela Alenová |
| 520 | |a Snaha o trvalo udržateľný rozvoj sa stala celosvetovo kritickým záujmom, čo prinútilo rôzne priemyselné odvetvia prehodnotiť svoj vplyv na životné prostredie. | ||
| 610 | 2 | 0 | |a rozvoj trvalo udržateľný |
| 610 | 2 | 0 | |a udržateľnosť |
| 610 | 2 | 0 | |a odvetvia priemyselné |
| 610 | 2 | 0 | |a ochrana prostredia životného |
| 610 | 2 | 0 | |a maloobchod |
| 100 | 1 | |a Alenová, Gabriela | |